<?xml version="1.0" encoding="UTF-8"?>
<marc:record xmlns:marc="http://www.loc.gov/MARC21/slim" type="Bibliographic">
   <marc:leader>00000pim a2200000 c 4500</marc:leader>
   <marc:controlfield tag="001">969570023</marc:controlfield>
   <marc:controlfield tag="003">DE-101</marc:controlfield>
   <marc:controlfield tag="005">20171203152934.0</marc:controlfield>
   <marc:controlfield tag="007">sd||||||||||||</marc:controlfield>
   <marc:controlfield tag="007">co||||||||||||</marc:controlfield>
   <marc:controlfield tag="008">031208s2004    gw |||||q|||||||||||ger  </marc:controlfield>
   <marc:datafield ind1=" " ind2=" " tag="015">
      <marc:subfield code="a">04,A52,2157</marc:subfield>
      <marc:subfield code="z">04,N02,3805</marc:subfield>
      <marc:subfield code="2">dnb</marc:subfield>
   </marc:datafield>
   <marc:datafield ind1="7" ind2=" " tag="016">
      <marc:subfield code="2">DE-101</marc:subfield>
      <marc:subfield code="a">969570023</marc:subfield>
   </marc:datafield>
   <marc:datafield ind1=" " ind2=" " tag="020">
      <marc:subfield code="a">9783935036559</marc:subfield>
      <marc:subfield code="c">: EUR 15.90 (DE, freier Pr.), EUR 16.40 (AT, freier Pr.), sfr 27.90 (freier Pr.)</marc:subfield>
      <marc:subfield code="9">978-3-935036-55-9</marc:subfield>
   </marc:datafield>
   <marc:datafield ind1=" " ind2=" " tag="020">
      <marc:subfield code="a">3935036558</marc:subfield>
      <marc:subfield code="c">: EUR 15.90 (DE, freier Pr.), EUR 16.40 (AT, freier Pr.), sfr 27.90 (freier Pr.)</marc:subfield>
      <marc:subfield code="9">3-935036-55-8</marc:subfield>
   </marc:datafield>
   <marc:datafield ind1="3" ind2=" " tag="024">
      <marc:subfield code="a">9783935036559</marc:subfield>
   </marc:datafield>
   <marc:datafield ind1=" " ind2=" " tag="035">
      <marc:subfield code="a">(DE-599)DNB969570023</marc:subfield>
   </marc:datafield>
   <marc:datafield ind1=" " ind2=" " tag="035">
      <marc:subfield code="a">(OCoLC)723099664</marc:subfield>
   </marc:datafield>
   <marc:datafield ind1=" " ind2=" " tag="040">
      <marc:subfield code="a">1245</marc:subfield>
      <marc:subfield code="b">ger</marc:subfield>
      <marc:subfield code="c">DE-101</marc:subfield>
      <marc:subfield code="d">9999</marc:subfield>
   </marc:datafield>
   <marc:datafield ind1=" " ind2=" " tag="041">
      <marc:subfield code="a">ger</marc:subfield>
   </marc:datafield>
   <marc:datafield ind1=" " ind2=" " tag="044">
      <marc:subfield code="c">XA-DE-HH</marc:subfield>
   </marc:datafield>
   <marc:datafield ind1="7" ind2="4" tag="082">
      <marc:subfield code="a">K</marc:subfield>
      <marc:subfield code="q">DE-101</marc:subfield>
      <marc:subfield code="2">22sdnb</marc:subfield>
   </marc:datafield>
   <marc:datafield ind1="0" ind2="0" tag="245">
      <marc:subfield code="a">Wenn dich ein Löwe nach der Uhrzeit fragt</marc:subfield>
      <marc:subfield code="b">Lesung ; mit Musik aus Tansania</marc:subfield>
      <marc:subfield code="c">Hermann Schulz. Gesprochen von Tristan Rehrl. Bearb.: Birgitta Berger und Justyna Buddeberg-Mosz. Regie: Justyna Buddeberg-Mosz. Bayerischer Rundfunk</marc:subfield>
   </marc:datafield>
   <marc:datafield ind1=" " ind2="1" tag="264">
      <marc:subfield code="a">Hamburg</marc:subfield>
      <marc:subfield code="b">Hörcompany</marc:subfield>
      <marc:subfield code="c">2004</marc:subfield>
   </marc:datafield>
   <marc:datafield ind1=" " ind2=" " tag="300">
      <marc:subfield code="a">2 CDs</marc:subfield>
      <marc:subfield code="c">12 cm</marc:subfield>
   </marc:datafield>
   <marc:datafield ind1=" " ind2=" " tag="336">
      <marc:subfield code="a">gesprochenes Wort</marc:subfield>
      <marc:subfield code="b">spw</marc:subfield>
      <marc:subfield code="2">rdacontent</marc:subfield>
   </marc:datafield>
   <marc:datafield ind1=" " ind2=" " tag="337">
      <marc:subfield code="a">audio</marc:subfield>
      <marc:subfield code="b">s</marc:subfield>
      <marc:subfield code="2">rdamedia</marc:subfield>
   </marc:datafield>
   <marc:datafield ind1=" " ind2=" " tag="338">
      <marc:subfield code="a">Audiodisk</marc:subfield>
      <marc:subfield code="b">sd</marc:subfield>
      <marc:subfield code="2">rdacarrier</marc:subfield>
   </marc:datafield>
   <marc:datafield ind1=" " ind2=" " tag="520">
      <marc:subfield code="a">Wenn Dich ein Löwe nach der Uhrzeit fragt ...So sagt man in Afrika wenn Gefahr droht - oder es schon zu spät ist. Temeo ist zwölf Jahre alt und lebt in Afrika. Wenn er nicht zur Schule geht, muss er seiner Mutter beim Hühnerrupfen helfen. Die beiden Heuschrecken, so nennt Temeo seine jüngeren Schwestern, treiben sich derweil irgendwo herum. Eines Tages wird Temeos Vater, ein deutscher Geologe, schwer verletzt nach Hause gebracht. Der Arzt für den Vater ist teuer. Temeos afrikanische Mutter Masiti schickt ihren Sohn los. Er soll Geld leihen, bei allen möglichen Leuten. Temeo läuft. Fünfundzwanzig Kilometer. Zu Fuß. Besser als Hühnerrupfen denkt er sich...</marc:subfield>
   </marc:datafield>
   <marc:datafield ind1="1" ind2=" " tag="583">
      <marc:subfield code="a">Langzeitarchivierung gewährleistet</marc:subfield>
      <marc:subfield code="i">LZA</marc:subfield>
   </marc:datafield>
   <marc:datafield ind1=" " ind2=" " tag="653">
      <marc:subfield code="a">(VLB-PF)AC: Audio-CD</marc:subfield>
   </marc:datafield>
   <marc:datafield ind1=" " ind2=" " tag="653">
      <marc:subfield code="a">(VLB-PG)SD400: Audio-CD</marc:subfield>
   </marc:datafield>
   <marc:datafield ind1=" " ind2="7" tag="655">
      <marc:subfield code="0">(DE-588)4522869-3</marc:subfield>
      <marc:subfield code="0">http://d-nb.info/gnd/4522869-3</marc:subfield>
      <marc:subfield code="0">(DE-101)955174880</marc:subfield>
      <marc:subfield code="a">CD</marc:subfield>
      <marc:subfield code="2">gnd-carrier</marc:subfield>
   </marc:datafield>
   <marc:datafield ind1="1" ind2=" " tag="700">
      <marc:subfield code="0">(DE-588)120871610</marc:subfield>
      <marc:subfield code="0">http://d-nb.info/gnd/120871610</marc:subfield>
      <marc:subfield code="0">(DE-101)120871610</marc:subfield>
      <marc:subfield code="a">Schulz, Hermann</marc:subfield>
      <marc:subfield code="d">1938-</marc:subfield>
      <marc:subfield code="e">Mitwirkender</marc:subfield>
      <marc:subfield code="4">ctb</marc:subfield>
   </marc:datafield>
   <marc:datafield ind1="1" ind2=" " tag="700">
      <marc:subfield code="0">(DE-588)129543411</marc:subfield>
      <marc:subfield code="0">http://d-nb.info/gnd/129543411</marc:subfield>
      <marc:subfield code="0">(DE-101)129543411</marc:subfield>
      <marc:subfield code="a">Rehrl, Tristan</marc:subfield>
      <marc:subfield code="d">1992-Wirkungsdaten;lt.Vorlage200412Jahrealt</marc:subfield>
      <marc:subfield code="e">Mitwirkender</marc:subfield>
      <marc:subfield code="4">ctb</marc:subfield>
   </marc:datafield>
   <marc:datafield ind1="1" ind2=" " tag="700">
      <marc:subfield code="0">(DE-588)12954342X</marc:subfield>
      <marc:subfield code="0">http://d-nb.info/gnd/12954342X</marc:subfield>
      <marc:subfield code="0">(DE-101)12954342X</marc:subfield>
      <marc:subfield code="a">Berger, Birgitta</marc:subfield>
      <marc:subfield code="e">Mitwirkender</marc:subfield>
      <marc:subfield code="4">ctb</marc:subfield>
   </marc:datafield>
   <marc:datafield ind1="1" ind2=" " tag="700">
      <marc:subfield code="0">(DE-588)113765502X</marc:subfield>
      <marc:subfield code="0">http://d-nb.info/gnd/113765502X</marc:subfield>
      <marc:subfield code="0">(DE-101)113765502X</marc:subfield>
      <marc:subfield code="a">Buddeberg-Mosz, Justyna</marc:subfield>
      <marc:subfield code="d">ca. 20./21. Jh.</marc:subfield>
      <marc:subfield code="e">Mitwirkender</marc:subfield>
      <marc:subfield code="4">ctb</marc:subfield>
   </marc:datafield>
   <marc:datafield ind1="2" ind2=" " tag="710">
      <marc:subfield code="0">(DE-588)2005531-6</marc:subfield>
      <marc:subfield code="0">http://d-nb.info/gnd/2005531-6</marc:subfield>
      <marc:subfield code="0">(DE-101)004657918</marc:subfield>
      <marc:subfield code="a">&#x98;Der&#x9c; Bayerische Rundfunk</marc:subfield>
      <marc:subfield code="e">Herausgebendes Organ</marc:subfield>
      <marc:subfield code="4">isb</marc:subfield>
   </marc:datafield>
   <marc:datafield ind1=" " ind2=" " tag="850">
      <marc:subfield code="a">DE-101a</marc:subfield>
      <marc:subfield code="a">DE-101b</marc:subfield>
   </marc:datafield>
   <marc:datafield ind1="r" ind2=" " tag="925">
      <marc:subfield code="a">ra</marc:subfield>
   </marc:datafield>
</marc:record>
